| 000 | 00505nam a2200169 a 4500 | ||
|---|---|---|---|
| 001 | 2608 | ||
| 005 | 20140414131922.0 | ||
| 008 | 050607s19uu xx 00 eng d | ||
| 050 |
_aER _bV48 1980 |
||
| 100 | _aFreudberg, Judy | ||
| 245 |
_aVegetable soup / _cby Judy Freudberg and Tony Geiss ; illustrated by Tom Cooke. |
||
| 260 |
_a[s.l.] : _bChildren's Television Workshop, _c1980. |
||
| 300 | _a1 v. p. : ill. ; cm. | ||
| 440 | _aCTW/Sesame Street | ||
| 650 | _aChildren stories. | ||
| 999 |
_c111819 _d111819 |
||